000 00443pab a2200157 454500
008 180718b2017 xxu||||| |||| 00| 0 eng d
100 _aAbbasi, Faiza
245 _aNawab Sultan Jahan Begum: the first Chancellor of the Aligarh Muslim University
260 _c2017
300 _ap.21-23.
362 _a9 Jan
650 _aAligarh Muslim University
650 _aEducational administrators
773 _aUniversity News
909 _a113426
999 _c113421
_d113421